000 00487nam a2200205Ia 4500
003 OSt
005 20220923230917.0
006 a|||||r|||| 00| 0
007 ta
008 Pun
024 _a306,376
037 _cTextual
040 _aARTS
_cARTS
_bPun
041 _2Pun
_aPun
082 _aO155v2:M9, 153K7
245 0 _aਮਰਾਠੀ ਅਤੇ ਉਸਦਾ ਸਾਹਿਤ
260 _c1967
942 _hO155v2:M9, 153K7
_cTEXL
_2CC
999 _c388162
_d388162